000 00217 a2200097 4500
001 45871
100 _aBircher R
245 _aEating your way to health
260 _aLondon
_bFaber & Faber
_c
090 _c28970
_d28970
942 _aNUST-CAE
_cM
_c21080
999 _c280944
_d280944